| 000 | 00692nam a2200217 a 4500 | ||
|---|---|---|---|
| 005 | 20221104063452.0 | ||
| 008 | 030129s2002 mx r 000 0 spa d | ||
| 020 | _a9706862323 | ||
| 035 | _aUPN01000121707 | ||
| 049 | _aCG | ||
| 050 | 4 |
_aHF5549 _bR6.3 2002 |
|
| 100 | 1 |
_aRodríguez Valencia, Joaquín _939735 |
|
| 245 | 1 | 0 |
_aAdministración moderna de personal : _bfundamentos / _cJoaquín Rodríguez Valencia. |
| 250 | _a6a ed. | ||
| 260 |
_aMéxico : _bThomson, _cc2002. |
||
| 300 |
_axiv, 418 p. : _bil. |
||
| 590 | _aBibliografía Básica (BGTQ) | ||
| 590 | _a(También localizas un ejemplar en el "Area de Reserva") | ||
| 650 | 2 |
_aAdministración de personal _9487 |
|
| 905 | _aLibro | ||
| 999 |
_c93920 _d93920 |
||